<?xml version="1.0" encoding="UTF-8"?>
<record
    xmlns:xsi="http://www.w3.org/2001/XMLSchema-instance"
    xsi:schemaLocation="http://www.loc.gov/MARC21/slim http://www.loc.gov/standards/marcxml/schema/MARC21slim.xsd"
    xmlns="http://www.loc.gov/MARC21/slim">

  <leader>00420nam a2200169Ia 4500</leader>
  <controlfield tag="003">OSt</controlfield>
  <controlfield tag="005">20221217121133.0</controlfield>
  <controlfield tag="008">211109s9999||||xx |||||||||||||| ||und||</controlfield>
  <datafield tag="040" ind1=" " ind2=" ">
    <subfield code="c">SBCL</subfield>
  </datafield>
  <datafield tag="082" ind1=" " ind2=" ">
    <subfield code="a">530</subfield>
    <subfield code="b">CHO-I</subfield>
  </datafield>
  <datafield tag="100" ind1=" " ind2=" ">
    <subfield code="a">Choudhury, A K</subfield>
  </datafield>
  <datafield tag="245" ind1=" " ind2="0">
    <subfield code="a">Indian Journal of Physics</subfield>
  </datafield>
  <datafield tag="260" ind1=" " ind2=" ">
    <subfield code="b">National Book Stall</subfield>
    <subfield code="a">Kottayam</subfield>
    <subfield code="c">1973</subfield>
  </datafield>
  <datafield tag="630" ind1=" " ind2=" ">
    <subfield code="x">POST GRADUATE REFERENCE</subfield>
  </datafield>
  <datafield tag="650" ind1=" " ind2=" ">
    <subfield code="a">Physics</subfield>
    <subfield code="v">Science</subfield>
  </datafield>
  <datafield tag="942" ind1=" " ind2=" ">
    <subfield code="c">BV</subfield>
  </datafield>
  <datafield tag="952" ind1=" " ind2=" ">
    <subfield code="0">0</subfield>
    <subfield code="1">0</subfield>
    <subfield code="2">ddc</subfield>
    <subfield code="4">0</subfield>
    <subfield code="7">0</subfield>
    <subfield code="a">SBCL</subfield>
    <subfield code="b">SBCL</subfield>
    <subfield code="c">11</subfield>
    <subfield code="d">2022-12-17</subfield>
    <subfield code="h">VOLUME 36 NUMBER 02 JANUARY 1962</subfield>
    <subfield code="i">VOLUME 36 NUMBER 02 JANUARY 1962</subfield>
    <subfield code="l">0</subfield>
    <subfield code="o">530.05 CHO-I36</subfield>
    <subfield code="p">99000194</subfield>
    <subfield code="r">2022-12-17 00:00:00</subfield>
    <subfield code="w">2022-12-17</subfield>
    <subfield code="y">BV</subfield>
    <subfield code="z">VOLUME 36 NUMBER 02 JANUARY 1962</subfield>
  </datafield>
  <datafield tag="952" ind1=" " ind2=" ">
    <subfield code="0">0</subfield>
    <subfield code="1">0</subfield>
    <subfield code="2">ddc</subfield>
    <subfield code="4">0</subfield>
    <subfield code="7">0</subfield>
    <subfield code="a">SBCL</subfield>
    <subfield code="b">SBCL</subfield>
    <subfield code="c">11</subfield>
    <subfield code="d">2022-12-17</subfield>
    <subfield code="h">VOLUME 38 NUMBER 01 JANUARY 1964</subfield>
    <subfield code="i">VOLUME 38 NUMBER 01 JANUARY 1964</subfield>
    <subfield code="l">0</subfield>
    <subfield code="o">530.05 CHO-I38</subfield>
    <subfield code="p">99000083</subfield>
    <subfield code="r">2022-12-17 00:00:00</subfield>
    <subfield code="w">2022-12-17</subfield>
    <subfield code="y">BV</subfield>
    <subfield code="z">VOLUME 38 NUMBER 01 JANUARY 1964</subfield>
  </datafield>
  <datafield tag="952" ind1=" " ind2=" ">
    <subfield code="0">0</subfield>
    <subfield code="1">0</subfield>
    <subfield code="2">ddc</subfield>
    <subfield code="4">0</subfield>
    <subfield code="7">0</subfield>
    <subfield code="a">SBCL</subfield>
    <subfield code="b">SBCL</subfield>
    <subfield code="c">11</subfield>
    <subfield code="d">2022-12-17</subfield>
    <subfield code="h">VOLUME 43 NUMBER 01 JANUARY 1969</subfield>
    <subfield code="i">VOLUME 43 NUMBER 01 JANUARY 1969</subfield>
    <subfield code="l">0</subfield>
    <subfield code="o">530.05 CHO-I43</subfield>
    <subfield code="p">99000182</subfield>
    <subfield code="r">2022-12-17 00:00:00</subfield>
    <subfield code="w">2022-12-17</subfield>
    <subfield code="y">BV</subfield>
    <subfield code="z">VOLUME 43 NUMBER 01 JANUARY 1969</subfield>
  </datafield>
  <datafield tag="952" ind1=" " ind2=" ">
    <subfield code="0">0</subfield>
    <subfield code="1">0</subfield>
    <subfield code="2">ddc</subfield>
    <subfield code="4">0</subfield>
    <subfield code="7">0</subfield>
    <subfield code="a">SBCL</subfield>
    <subfield code="b">SBCL</subfield>
    <subfield code="c">11</subfield>
    <subfield code="d">2022-12-17</subfield>
    <subfield code="h">VOLUME 39 NUMBER 01 JANUARY 1965</subfield>
    <subfield code="i">VOLUME 39 NUMBER 01 JANUARY 1965</subfield>
    <subfield code="l">0</subfield>
    <subfield code="o">530.05 CHO-I39</subfield>
    <subfield code="p">99000193</subfield>
    <subfield code="r">2022-12-17 00:00:00</subfield>
    <subfield code="w">2022-12-17</subfield>
    <subfield code="y">BV</subfield>
    <subfield code="z">VOLUME 39 NUMBER 01 JANUARY 1965</subfield>
  </datafield>
  <datafield tag="952" ind1=" " ind2=" ">
    <subfield code="0">0</subfield>
    <subfield code="1">0</subfield>
    <subfield code="2">ddc</subfield>
    <subfield code="4">0</subfield>
    <subfield code="7">0</subfield>
    <subfield code="a">SBCL</subfield>
    <subfield code="b">SBCL</subfield>
    <subfield code="c">11</subfield>
    <subfield code="d">2022-12-17</subfield>
    <subfield code="h">VOLUME 42 NUMBER 01 JANUARY 1968</subfield>
    <subfield code="i">VOLUME 42 NUMBER 01 JANUARY 1968</subfield>
    <subfield code="l">0</subfield>
    <subfield code="o">530.05 CHO-I42</subfield>
    <subfield code="p">99000099</subfield>
    <subfield code="r">2022-12-17 00:00:00</subfield>
    <subfield code="w">2022-12-17</subfield>
    <subfield code="y">BV</subfield>
    <subfield code="z">VOLUME 42 NUMBER 01 JANUARY 1968</subfield>
  </datafield>
  <datafield tag="952" ind1=" " ind2=" ">
    <subfield code="0">0</subfield>
    <subfield code="1">0</subfield>
    <subfield code="2">ddc</subfield>
    <subfield code="4">0</subfield>
    <subfield code="7">0</subfield>
    <subfield code="a">SBCL</subfield>
    <subfield code="b">SBCL</subfield>
    <subfield code="c">11</subfield>
    <subfield code="d">2022-12-17</subfield>
    <subfield code="h">VOLUME 35 NUMBER 06 JUNE 1961</subfield>
    <subfield code="i">VOLUME 35 NUMBER 06 JUNE 1961</subfield>
    <subfield code="l">0</subfield>
    <subfield code="o">530.05 CHO-I35</subfield>
    <subfield code="p">99000087</subfield>
    <subfield code="r">2022-12-17 00:00:00</subfield>
    <subfield code="w">2022-12-17</subfield>
    <subfield code="y">BV</subfield>
    <subfield code="z">VOLUME 35 NUMBER 06 JUNE 1961</subfield>
  </datafield>
  <datafield tag="999" ind1=" " ind2=" ">
    <subfield code="c">135308</subfield>
    <subfield code="d">135308</subfield>
  </datafield>
</record>
